[Event "Merida World Heritage op 2nd"]
[Site "Merida"]
[Date "2022.08.06"]
[Round "7"]
[White "Vazquez Gonzalez, Francisco"]
[Black "Donaire Nieto, Daniel"]
[Result "1/2-1/2"]
[WhiteElo "1835"]
[BlackElo "1547"]
[PlyCount "47"]
[EventDate "2022.08.02"]
[EventType "swiss"]
[EventRounds "9"]
[EventCountry "ESP"]
[SourceTitle "EXT 2023"]
[Source "ChessBase"]
[SourceDate "2022.10.05"]
[SourceVersion "1"]
[SourceVersionDate "2022.10.05"]
[SourceQuality "1"]

1. e4 g6 2. d4 Bg7 3. Be3 d6 4. Nc3 a6 5. Qd2 b5 6. Bd3 Nd7 7. Nf3 c5 8. dxc5 Nxc5 9. Rd1 Bd7 10. 0-0 Rc8 11. a3 Nxd3 12. cxd3 Bg4 13. Nd5 Nf6 14. Nxf6+ Bxf6 15. Rc1 Bxf3 16. gxf3 0-0 17. d4 Qd7 18. Kg2 Rxc1 19. Rxc1 Rc8 20. Rxc8+ Qxc8 21. h3 Bg7 22. Qd3 h5 23. Qd2 Kh7 24. Qd3 1/2-1/2

[Event "Merida World Heritage op 2nd"]
[Site "Merida"]
[Date "2022.08.02"]
[Round "1"]
[White "Donaire Nieto, Daniel"]
[Black "Rey Martinez, Jaime"]
[Result "0-1"]
[WhiteElo "1547"]
[BlackElo "2144"]
[PlyCount "88"]
[EventDate "2022.08.02"]
[EventType "swiss"]
[EventRounds "9"]
[EventCountry "ESP"]
[SourceTitle "EXT 2023"]
[Source "ChessBase"]
[SourceDate "2022.10.05"]
[SourceVersion "1"]
[SourceVersionDate "2022.10.05"]
[SourceQuality "1"]

1. d4 d5 2. Bf4 e6 3. e3 c5 4. Nc3 a6 5. dxc5 Nf6 6. Na4 Bxc5 7. Nxc5 Qa5+ 8. c3 Qxc5 9. Nf3 Nc6 10. Bd3 0-0 11. 0-0 Re8 12. Ne5 Qe7 13. Qf3 Nxe5 14. Bxe5 Nd7 15. Qg3 Nxe5 16. Qxe5 Bd7 17. e4 Bc6 18. exd5 Bxd5 19. Rfe1 Rad8 20. Bc2 b5 21. Re3 g6 22. a3 Ba8 23. Be4 Bxe4 24. Qxe4 Rd2 25. Re2 Red8 26. Rae1 Qd6 27. g3 Rd5 28. Re3 Rc8 29. Rf3 Rc4 30. Qe3 e5 31. Qa7 Rc7 32. Qe3 f5 33. Qg5 e4 34. Rfe3 Rf7 35. R3e2 f4 36. Qg4 e3 37. gxf4 Rxf4 38. Qc8+ Rf8 39. Qh3 Rg5+ 40. Kf1 exf2 41. Rxf2 Rxf2+ 42. Kxf2 Qf4+ 43. Ke2 Qe4+ 44. Kf2 Rf5+ 0-1

[Event "Merida World Heritage op 1st"]
[Site "Merida"]
[Date "2021.08.08"]
[Round "9"]
[White "Valente, Sofia"]
[Black "Donaire Nieto, Daniel"]
[Result "0-1"]
[WhiteElo "1309"]
[BlackElo "1414"]
[PlyCount "30"]
[EventDate "2021.08.04"]
[EventType "swiss"]
[EventRounds "9"]
[EventCountry "ESP"]
[SourceTitle "EXT 2023"]
[Source "ChessBase"]
[SourceDate "2022.10.05"]
[SourceVersion "1"]
[SourceVersionDate "2022.10.05"]
[SourceQuality "1"]

1. e4 g6 2. d4 Bg7 3. Nc3 c6 4. Be3 d5 5. e5 f6 6. f4 fxe5 7. fxe5 Nh6 8. Nf3 Bg4 9. Be2 0-0 10. h3 Bxf3 11. Bxf3 e6 12. Qd3 Nf5 13. 0-0-0 Nxe3 14. Qxe3 Qh4 15. Rhg1 Bh6 0-1

[Event "Merida World Heritage op 1st"]
[Site "Merida"]
[Date "2021.08.07"]
[Round "6"]
[White "Herrero Pena, Laura"]
[Black "Donaire Nieto, Daniel"]
[Result "0-1"]
[WhiteElo "1229"]
[BlackElo "1414"]
[PlyCount "112"]
[EventDate "2021.08.04"]
[EventType "swiss"]
[EventRounds "9"]
[EventCountry "ESP"]
[SourceTitle "EXT 2023"]
[Source "ChessBase"]
[SourceDate "2022.10.05"]
[SourceVersion "1"]
[SourceVersionDate "2022.10.05"]
[SourceQuality "1"]

1. d4 d6 2. Nf3 g6 3. Nc3 Bg7 4. e4 a6 5. Be3 b5 6. Qd2 Bb7 7. a3 Nd7 8. Bd3 c5 9. b3 h5 10. h4 Ngf6 11. Rd1 Rc8 12. d5 Ng4 13. Bf4 Qa5 14. Nb1 Qb6 15. c4 b4 16. a4 a5 17. Ng5 Nde5 18. Qc2 Nxd3+ 19. Qxd3 Ne5 20. Qe2 Rd8 21. Nd2 Bc8 22. f3 Bd7 23. Qe3 Qc7 24. Ke2 Qc8 25. Nh3 Bxh3 26. Rxh3 Nd7 27. Qd3 Bd4 28. Be3 Ne5 29. Qc2 Bxe3 30. Kxe3 0-0 31. Rhh1 e6 32. Rhg1 f5 33. dxe6 Qxe6 34. g3 Nc6 35. Rgf1 Nd4 36. Qd3 fxe4 37. Qxe4 Nf5+ 38. Kd3 Qf6 39. Rc1 Nxg3 40. Qd5+ Kh8 41. Rfe1 Rfe8 42. Rxe8+ Rxe8 43. Ne4 Qxf3+ 44. Kd2 Nxe4+ 45. Kc2 Qe2+ 46. Kb1 Nd2+ 47. Ka1 Nxb3+ 48. Kb1 Nxc1 49. Kxc1 Qf1+ 50. Qd1 Re1 51. Qxe1 Qxe1+ 52. Kb2 Qc3+ 53. Kb1 Qxc4 54. Kb2 b3 55. Kb1 Qc2+ 56. Ka1 Qa2# 0-1

[Event "Merida World Heritage op 1st"]
[Site "Merida"]
[Date "2021.08.06"]
[Round "5"]
[White "Donaire Nieto, Daniel"]
[Black "Alvarez Sanchez, David"]
[Result "0-1"]
[WhiteElo "1414"]
[BlackElo "1829"]
[PlyCount "96"]
[EventDate "2021.08.04"]
[EventType "swiss"]
[EventRounds "9"]
[EventCountry "ESP"]
[SourceTitle "EXT 2023"]
[Source "ChessBase"]
[SourceDate "2022.10.05"]
[SourceVersion "1"]
[SourceVersionDate "2022.10.05"]
[SourceQuality "1"]

1. d4 Nf6 2. Bf4 g6 3. Nc3 d5 4. e3 Bg7 5. Be2 0-0 6. h4 h5 7. Nf3 a6 8. Ne5 Nbd7 9. g4 Nxe5 10. Bxe5 Nxg4 11. Bxg7 Kxg7 12. Rg1 Bf5 13. Bxg4 Bxg4 14. f3 Bf5 15. Qd2 e6 16. 0-0-0 Qxh4 17. Rh1 Qf6 18. Rdg1 Rh8 19. e4 dxe4 20. fxe4 Bg4 21. Rf1 Qe7 22. d5 Rad8 23. Qd4+ e5 24. Qc4 b5 25. Qd3 Qc5 26. Qg3 f6 27. Rxf6 Kxf6 28. Rf1+ Ke7 29. Qxe5+ Kd7 30. b4 Qe7 31. Qd4 Rhf8 32. Re1 Qf6 33. Qc5 Qd6 34. Qd4 Rf4 35. a3 Rdf8 36. Re3 Rf3 37. e5 Qb6 38. e6+ Kc8 39. Qxb6 cxb6 40. e7 Re8 41. Kd2 Rxe3 42. Kxe3 Rxe7+ 43. Kd4 Bf3 44. a4 bxa4 45. Nxa4 Kb7 46. c4 Re4+ 47. Kd3 h4 48. c5 Rxb4 0-1

[Event "Merida World Heritage op 1st"]
[Site "Merida"]
[Date "2021.08.05"]
[Round "2"]
[White "Donaire Nieto, Daniel"]
[Black "Ramirez Sanchez, Nicolas"]
[Result "0-1"]
[WhiteElo "1414"]
[BlackElo "1691"]
[PlyCount "70"]
[EventDate "2021.08.04"]
[EventType "swiss"]
[EventRounds "9"]
[EventCountry "ESP"]
[SourceTitle "EXT 2023"]
[Source "ChessBase"]
[SourceDate "2022.10.05"]
[SourceVersion "1"]
[SourceVersionDate "2022.10.05"]
[SourceQuality "1"]

1. d4 Nf6 2. Nc3 g6 3. Bf4 Bg7 4. e3 0-0 5. Be2 d6 6. h4 h6 7. g4 Nfd7 8. Nf3 e5 9. Bg3 Nc6 10. d5 Ne7 11. e4 f5 12. gxf5 gxf5 13. h5 fxe4 14. Nxe4 Nf5 15. Qd2 Nf6 16. Nxf6+ Qxf6 17. Bh4 Nxh4 18. Rxh4 Bf5 19. Rc4 b5 20. Rxc7 Bg4 21. 0-0-0 Bxf3 22. Bxf3 Qxf3 23. Rg1 Rf7 24. Rxf7 Kxf7 25. Qa5 Qf4+ 26. Kb1 Qc4 27. b3 Qc5 28. Rg3 Rc8 29. c3 Qxf2 30. Rg6 Qe1+ 31. Kb2 Qd2+ 32. Kb1 Qxc3 33. Qxa7+ Rc7 34. Qf2+ Kg8 35. Rg1 e4 0-1

[Event "Merida Heuristic Solutions op U1600"]
[Site "Badajoz"]
[Date "2021.08.04"]
[Round "6.3"]
[White "Donaire Nieto, Daniel"]
[Black "Asensio Miranda, Carlos"]
[Result "0-1"]
[WhiteElo "1414"]
[BlackElo "1475"]
[PlyCount "66"]
[EventDate "2021.08.02"]
[EventType "swiss"]
[EventRounds "7"]
[EventCountry "ESP"]
[SourceTitle "EXT 2023"]
[Source "ChessBase"]
[SourceDate "2022.10.05"]
[SourceVersion "1"]
[SourceVersionDate "2022.10.05"]
[SourceQuality "1"]

1. d4 d5 2. Bf4 Nf6 3. e3 c5 4. Nc3 a6 5. dxc5 e6 6. Na4 Qa5+ 7. c3 Nbd7 8. b4 Qd8 9. Nf3 g6 10. Ne5 Bg7 11. Nxd7 Nxd7 12. Bd6 b5 13. cxb6 Nxb6 14. Nxb6 Qxb6 15. Bc5 Qc7 16. Rc1 a5 17. Qa4+ Bd7 18. Bb5 Bxb5 19. Qxb5+ Qd7 20. Qxd7+ Kxd7 21. b5 Rhc8 22. Bd4 e5 23. Bb6 Rcb8 24. Bc5 Rxb5 25. Ba3 Rc8 26. Ke2 Rc4 27. Rhd1 Ke6 28. Kd2 Ra4 29. c4 dxc4 30. Ke1 Rxa3 31. Rxc4 Rxa2 32. Rc6+ Kf5 33. Rd7 Rb1+ 0-1